| 000 | 01150nam0a22002771 4500 | ||
|---|---|---|---|
| 001 | rc\3692787 | ||
| 005 | 20130115152050.7 | ||
| 021 |
_aRU _b[70-12798] |
||
| 035 | _a(NLR Aleph) 007850519 | ||
| 090 |
_a7779097 _c7779097 |
||
| 100 | _a20130115d1970 |||y0rusy50 ca | ||
| 101 | 0 | _arus | |
| 102 | _aRU | ||
| 105 | _aa z ||||| | ||
| 200 | 1 |
_aОт Гренландии до Антарктиды на НИС "Профессор Визе" _eЗадачи и важнейшие итоги экспедиции 1969 г. |
|
| 210 |
_aЛенинград _cГидрометеоиздат _d1970 |
||
| 215 |
_a28 с. _cил. _d21 |
||
| 320 | _aБиблиогр.: с. 27-28 (24 назв.) | ||
| 532 | 1 | 2 | _aОт Гренландии до Антарктиды на научно-исследовательском судне Профессор Визе |
| 606 |
_aГидрометеорологические наблюдения _yАтлантический океан _2psbo |
||
| 700 | 1 |
_aКац _bА. Л. _f1921-1975 _gАврам Львович |
|
| 801 | 0 |
_aRU _bNLR _gpsbo |
|
| 801 | 1 |
_aRU _bELAR _2rusmarc |
|
| 852 |
_aNLR _j70-6/136 |
||
| 942 | _cBOOK | ||
| 980 | _aNB | ||